Normal view
MARC view
- Abramson, Lee W.
Entry Personal Name
001 - CONTROL NUMBER
- control field: 23618
003 - CONTROL NUMBER IDENTIFIER
- control field: NUST
005 - DATE AND TIME OF LATEST TRANSACTION
- control field: 20191014111820.0
008 - FIXED-LENGTH DATA ELEMENTS
- fixed length control field: 191014|| aca||aabn | a|a d
040 ## - CATALOGING SOURCE
- Original cataloging agency: NUST
- Transcribing agency: NUST
100 ## - HEADING--PERSONAL NAME
- Personal name: Abramson, Lee W.
670 ## - SOURCE DATA FOUND
- Source citation: Work cat.: (NUST): Abramson, Lee W., Slope stability and stabilizaation metheds /
